Países que fazem fronteira com: Bielorrússia#13 - Statistics

Estatísticas Gerais
  • Esse quiz foi jogado 85 vezes
    51 desde o último reset
  • A pontuação média é 5 de 5
Estatísticas das Respostas
País % Correto
Rússia
100%
Ucrânia
100%
Lituânia
98%
Letônia
91%
Polônia
89%
Nenhum quiz correspondente encontrado
Distribuição das Pontuações
Porcentagem de Pessoas com Cada Pontuação
Percentil de Números Respondidos
Sua Pontuação Histórica
Você não jogou esse quiz desde o último reset